La paz mediante el desarme (Record no. 117080)
[ view plain ]
| 000 -LEADER | |
|---|---|
| campo de control de longitud fija | 00454nam a2200157 4500 |
| 001 - NÚMERO DE CONTROL | |
| campo de control | 117080 |
| 003 - IDENTIFICADOR DE NÚMERO DE CONTROL | |
| campo de control | ES-MaACL |
| 005 - FECHA Y HORA DE LA ÚLTIMA TRANSACCIÓN | |
| campo de control | 20230906190827.0 |
| 007 - CAMPO FIJO DE DESCRIPCIÓN FÍSICA--INFORMACIÓN GENERAL | |
| campo de control de longitud fija | t| |
| 008 - DATOS DE LONGITUD FIJA--INFORMACIÓN GENERAL | |
| campo de control de longitud fija | 070228s1960 sp r ||||1| spa d |
| 245 03 - MENCIÓN DEL TÍTULO | |
| Título | La paz mediante el desarme |
| Resto del título | : la nueva propuesta norteamericana. |
| 260 ## - PUBLICACIÓN, DISTRIBUCIÓN, ETC. | |
| Lugar de publicación, distribución, etc. | Madrid : |
| Nombre del editor, distribuidor, etc. | Casa Americana, |
| Fecha de publicación, distribución, etc. | 1960. |
| 300 ## - DESCRIPCIÓN FÍSICA | |
| Extensión | 13 p. ; |
| Dimensiones | 16 cm. |
| 710 00 - ENTRADA AGREGADA--NOMBRE DE ENTIDAD CORPORATIVA | |
| Nombre de entidad corporativa o nombre de jurisdicción como elemento de entrada | Casa Americana ( |
| Sede del congreso/Lugar de la reunión | Madrid) |
| 9 (RLIN) | 2458 |
| 852 ## - LOCALIZACIÓN | |
| Ubicación | ES-MaACL |
| Número de control de estantería | 2004-F-19 |
| Sublocalización o colección | R.46743 |
| Estatus retirado | Estado de pérdida | Estado de daño | No para préstamo | Colección | Biblioteca de origen | Biblioteca actual | Ubicación en estantería | Fecha de adquisición | Fuente de adquisición | Total de préstamos | Signatura topográfica completa | Código de barras | Visto por última vez | Precio de reemplazo | Tipo de ítem Koha |
|---|---|---|---|---|---|---|---|---|---|---|---|---|---|---|---|
| Colección de folletos | Biblioteca del Ateneo de Madrid | Biblioteca del Ateneo de Madrid | Depósito folletos | 17/01/2008 | 2004-F-19 | 1122071 | 23/02/2023 | 23/02/2023 | Folleto |
